Religion Quiz

Random Religion or Sporcle Quiz

Sporcle's Easiest Religion Quiz Stats

 Plays Quiz Updated Mar 22, 2016

Challenge
Share
Tweet
Embed
Score 0/30 Timer 05:00
79 Plays Today
Hint Answer % Correct
Largest World ReligionsChristianity
96%
Greek GodsZeus
96%
Largest World ReligionsIslam
89.8%
Bible Books - Old TestamentGenesis
85.9%
Bible Books - New TestamentJohn
83.9%
Largest World ReligionsHinduism
82.4%
Largest World ReligionsJudaism
80.7%
Bible Books - New TestamentLuke
79.5%
Largest World ReligionsBuddhism
79.2%
Bible Books - New TestamentMatthew
78.8%
Bible Books - New TestamentMark
77.4%
Seven Deadly SinsGreed
76.9%
Seven Deadly SinsLust
75.2%
Roman GodsMars
73.9%
Roman GodsJupiter
73.2%
Hint Answer % Correct
Bible Books - Old TestamentExodus
72%
Seven Deadly SinsSloth
71.1%
Seven Deadly SinsGluttony
69.3%
Seven Deadly SinsEnvy
68%
Roman GodsVenus
66.7%
Roman GodsNeptune
62.5%
Roman GodsMercury
59.8%
Greek GodsPoseidon
59.6%
Greek GodsAthena
58.5%
Bible Books - Old TestamentNumbers
56.9%
Bible Books - New TestamentRevelation to John
56.5%
Greek GodsAphrodite
56.4%
Bible Books - Old TestamentLeviticus
56%
Bible Books - Old TestamentPsalms
48.5%
Greek GodsHermes
47%

You're not logged in!

Compare scores with friends on all Sporcle quizzes.
OR
Log In

You Might Also Like...

Show Comments

Extras

Top Quizzes Today


Score Distribution

Your Account Isn't Verified!

In order to create a playlist on Sporcle, you need to verify the email address you used during registration. Go to your Sporcle Settings to finish the process.

Report this User

Report this user for behavior that violates our Community Guidelines.

Details: